Creciendo juntos : (Registro nro. 8648)

000 -CABECERA
campo de control de longitud fija 00769nam a2200265 u 4500
001 - NÚMERO DE CONTROL
campo de control 000062391
005 - FECHA Y HORA DE LA ÚLTIMA TRANSACCIÓN
campo de control 20200120224240.0
008 - DATOS DE LONGITUD FIJA--INFORMACIÓN GENERAL
campo de control de longitud fija 140717s2001 ck o r 000 0 spa d
020 ## - NÚMERO INTERNACIONAL ESTÁNDAR DEL LIBRO
Número Internacional Estándar del Libro 9588120691 (Obra completa)
020 ## - NÚMERO INTERNACIONAL ESTÁNDAR DEL LIBRO
Número Internacional Estándar del Libro 9588120705 (v.1)
020 ## - NÚMERO INTERNACIONAL ESTÁNDAR DEL LIBRO
Número Internacional Estándar del Libro 9588120713 (V.2)
041 0# - CÓDIGO DE LENGUA
Código de lengua del texto/banda sonora o título independiente Jspa
043 ## - CÓDIGO DE ÁREA GEOGRÁFICA
Código de área geográfica c-k----
082 04 - NÚMERO DE LA CLASIFICACIÓN DECIMAL DEWEY
Número de clasificación 649.1
Número de documento/Ítem C72
Número de edición 21
245 10 - MENCIÓN DE TÍTULO
Título Creciendo juntos :
Resto del título el gran libro de los padres responsables.
250 ## - MENCIÓN DE EDICIÓN
Mención de edición 1a. ed.
260 ## - PUBLICACIÓN, DISTRIBUCIÓN, ETC.
Lugar de publicación, distribución, etc. [Bogotá] :
Nombre del editor, distribuidor, etc. Editora Cultura Internacional,
Fecha de publicación, distribución, etc. 2001.
300 ## - DESCRIPCIÓN FÍSICA
Extensión 2 v. :
Otras características físicas fots.
Material acompañante/anejo 29 cm.
500 ## - NOTA GENERAL
Nota general Incluye índice
506 0# - NOTA DE RESTRICCIONES AL ACCESO
Limitaciones de acceso General
650 17 - PUNTO DE ACCESO ADICIONAL DE MATERIA--TÉRMINO DE MATERIA
Término de materia o nombre geográfico como elemento de entrada Crianza de niños
Fuente del encabezamiento o término LEMB
650 27 - PUNTO DE ACCESO ADICIONAL DE MATERIA--TÉRMINO DE MATERIA
Término de materia o nombre geográfico como elemento de entrada Desarrollo infantil
Fuente del encabezamiento o término LEMB
650 27 - PUNTO DE ACCESO ADICIONAL DE MATERIA--TÉRMINO DE MATERIA
Término de materia o nombre geográfico como elemento de entrada Estimulación temprana
Fuente del encabezamiento o término LEMB
650 27 - PUNTO DE ACCESO ADICIONAL DE MATERIA--TÉRMINO DE MATERIA
Término de materia o nombre geográfico como elemento de entrada Padres e hijos
Fuente del encabezamiento o término LEMB
Existencias
Estado de retiro Estado de pérdida Fuente del sistema de clasificación o colocación Estado dañado No para préstamo Código de colección Localización permanente Ubicación/localización actual Fecha de adquisición Número de inventario Total de préstamos Signatura topográfica completa Código de barras Fecha visto por última vez Número de copia Precio válido a partir de Tipo de ítem Koha Nota pública Fecha del último préstamo
          Colección General Biblioteca Pública San Juan Bosco Biblioteca Pública San Juan Bosco 20/01/2020 112879   649.1 C72 MOS006521 20/01/2020 v.1 ej.1 20/01/2020 Libro Ocho días  
          Colección General Biblioteca Pública San Juan Bosco Biblioteca Pública San Juan Bosco 20/01/2020 112880   649.1 C72 MOS006522 20/01/2020 v.2 ej.1 20/01/2020 Libro Ocho días  
          Colección General Biblioteca Pública San Juan Bosco Biblioteca Pública San Juan Bosco 20/01/2020 112878 1 649.1 C72 MOS006523 22/06/2022 v.1 ej.2 20/01/2020 Libro Ocho días 14/06/2022
          Colección General Biblioteca Pública San Juan Bosco Biblioteca Pública San Juan Bosco 20/01/2020 1112881   649.1C72 MOS006524 20/01/2020 v.2 ej.2 20/01/2020 Libro Ocho días  

© Todos los derechos reservados para la Biblioteca Pública Municipal San Juan Bosco, 2020
Secretaria de Cultura de Mosquera
Carrera 3 N° 10 Esquina Centro Cultural Barrio El Carmén Teléfono: 8270830 Ext: 34
Funcionando con KOHA
Contacto: Biblioteca Pública Municipal San Juan Bosco/ bibliotecasanjuanbosco@mosquera-cundinamarca.gov.co
Mosquera, Cundinamarca